Meeting celebrado en el teatro de la Alhambra el dia 11 de marzo de 1883 sobre las llamadas primeras materias. (Record no. 22103)

MARC details
000 -LEADER
campo de control de longitud fija 00618nam a2200181 i 4500
001 - NÚMERO DE CONTROL
campo de control 22103
003 - IDENTIFICADOR DE NÚMERO DE CONTROL
campo de control ES-MaACL
005 - FECHA Y HORA DE LA ÚLTIMA TRANSACCIÓN
campo de control 20250831121724.0
007 - CAMPO FIJO DE DESCRIPCIÓN FÍSICA--INFORMACIÓN GENERAL
campo de control de longitud fija t|
008 - DATOS DE LONGITUD FIJA--INFORMACIÓN GENERAL
campo de control de longitud fija 021211s1883 sp ||||1| spa d
110 2# - ENTRADA PRINCIPAL--NOMBRE DE ENTIDAD CORPORATIVA
Nombre de entidad corporativa o nombre de jurisdicción como elemento de entrada Asociación para la Reforma de los Aranceles de Aduanas
9 (RLIN) 1779
245 10 - MENCIÓN DEL TÍTULO
Título Meeting celebrado en el teatro de la Alhambra el dia 11 de marzo de 1883 sobre las llamadas primeras materias.
260 ## - PUBLICACIÓN, DISTRIBUCIÓN, ETC.
Lugar de publicación, distribución, etc. Madrid :
Nombre del editor, distribuidor, etc. [s.n.],
Fecha de publicación, distribución, etc. 1883 (
Fabricante Imp. de Enrique de la Riva)
300 ## - DESCRIPCIÓN FÍSICA
Extensión 49 p. ;
Dimensiones 21 cm.
852 ## - LOCALIZACIÓN
Ubicación ES-MaACL
Número de control de estantería Fol-Laf-380
852 ## - LOCALIZACIÓN
Ubicación ES-MaACL
Número de control de estantería T-372-F-10
Holdings
Estatus retirado Estado de pérdida Estado de daño No para préstamo Colección Biblioteca de origen Biblioteca actual Ubicación en estantería Fecha de adquisición Fuente de adquisición Total de préstamos Signatura topográfica completa Código de barras Visto por última vez Precio de reemplazo Tipo de ítem Koha
        Colección de folletos Biblioteca del Ateneo de Madrid Biblioteca del Ateneo de Madrid Depósito folletos 17/01/2008     T-372-F-10 1022721 23/02/2023 23/02/2023 Folleto
        Colección de folletos Biblioteca del Ateneo de Madrid Biblioteca del Ateneo de Madrid Depósito folletos 17/01/2008     Fol-Laf-380 1022720 23/02/2023 23/02/2023 Folleto